| 000 | 00511nam a2200181Ia 4500 | ||
|---|---|---|---|
| 999 |
_c34302 _d34302 |
||
| 003 | OSt | ||
| 005 | 20200907112618.0 | ||
| 008 | 190216s9999||||xx |||||||||||||| ||und|| | ||
| 020 | _a9788123918518 | ||
| 040 | _coclc | ||
| 082 |
_a530.44 _bCHA/T |
||
| 100 |
_aChandra, Suresh _94404 |
||
| 245 | 0 |
_aTextbook Of Plasma Physics / _cSuresh Chandra |
|
| 260 |
_bCbs Publishers, _c2010. _aNew Delhi: |
||
| 300 | _a276p | ||
| 650 | _aPhysics | ||
| 942 |
_cBK _2ddc _h530.44 _iCHA/T _k530.44 _mCHA/T |
||